Analysis of drought responsive gene expression in Hevea brasiliensis (Record no. 50440)

MARC details
000 -LEADER
fixed length control field 00701nam a2200265Ia 4500
100 ## - MAIN ENTRY--AUTHOR NAME
Personal name Thomas M
245 #0 - TITLE STATEMENT
Title Analysis of drought responsive gene expression in Hevea brasiliensis
260 ## - PUBLICATION, DISTRIBUTION, ETC. (IMPRINT)
Name of publisher Natural Rubber Research
Year of publication 2011
300 ## - PHYSICAL DESCRIPTION
Number of Pages 247-252
650 ## - SUBJECT ADDED ENTRY--TOPICAL TERM
Topical Term Drought stress
650 ## - SUBJECT ADDED ENTRY--TOPICAL TERM
Topical Term Gene expression
650 ## - SUBJECT ADDED ENTRY--TOPICAL TERM
Topical Term Hevea brasilienis
650 ## - SUBJECT ADDED ENTRY--TOPICAL TERM
Topical Term qPCR analysis
650 ## - SUBJECT ADDED ENTRY--TOPICAL TERM
Topical Term Stress responsive genes
700 ## - ADDED ENTRY--PERSONAL NAME
Personal name Annamalainathan K
700 ## - ADDED ENTRY--PERSONAL NAME
Personal name Jacob J
700 ## - ADDED ENTRY--PERSONAL NAME
Personal name Krishnakumar R
700 ## - ADDED ENTRY--PERSONAL NAME
Personal name Kuruvilla L
700 ## - ADDED ENTRY--PERSONAL NAME
Personal name Luke L.P
700 ## - ADDED ENTRY--PERSONAL NAME
Personal name Satheesh P R
700 ## - ADDED ENTRY--PERSONAL NAME
Personal name Sathik M B M
700 ## - ADDED ENTRY--PERSONAL NAME
Personal name Sumesh K V
942 ## - ADDED ENTRY ELEMENTS (KOHA)
Koha item type Bibliography STAF
Holdings
Withdrawn status Lost status Damaged status Not for loan Home library Current library Shelving location Date acquired Serial Enumeration / chronology Koha item type
      Bibliography RRII Library RRII Library Physiology 27/04/2012 Volume 24, Issue 2 Bibliography STAF